00247nam a22000857a 4500008004100000022001400041040005500055245003200110260001900142230323b |||||||| |||| 00| 0 eng d a0971-4766 aNational Science LibrarycNational Science Library apaper & stationery samachar aBombay: c1998